Kódovacie techniky pre znižovanie dynamiky OFDM

Salvato in:
Dettagli Bibliografici
Autore principale: Mrváň, Adrián, 1988- (Autore)
Altri autori: Farkaš, Peter, 1956- (Relatore della tesi)
Natura: Manoscritto Libro
Lingua:slovacco
Pubblicazione: Bratislava : STU v Bratislave FEI, 2013
Soggetti:
Accesso online:VAIS
Tags: Aggiungi Tag
Nessun Tag, puoi essere il primo ad aggiungerne!!

MARC

LEADER 00000ntm a22000003a 4500
001 stu270570
005 20150617230230.2
008 130709s2013----xo------------------slo-d
040 |a STU  |b slo 
041 0 |a slo 
044 |a xo 
100 1 |a Mrváň, Adrián,  |d 1988-  |4 aut  |u E  |T FEI Fakulta elektrotechniky a informatiky  |X 55958  |U E  |Y 30  |7 A000055958 
242 0 0 |a Coding techniques for reducing dynamics of OFDM  |y eng 
245 1 |a Kódovacie techniky pre znižovanie dynamiky OFDM 
260 |a Bratislava :  |b STU v Bratislave FEI,  |c 2013 
300 |a 50 s 
650 7 |a Telekomunikácie  |2 stusub 
650 7 |a Telecommunications  |2 estusub 
700 1 |a Farkaš, Peter,  |d 1956-  |4 ths  |u E070  |U FEI Fakulta elektrotechniky a informatiky  |T FEI Ústav telekomunikácií  |X 1933  |U E070  |Y 818  |7 A000001933 
856 4 |a info a plný text  |u http://is.stuba.sk/zp/portal_zp.pl?podrobnosti=92394  |3 VAIS 
996 |b 284EP10535  |c E*DIPL-10535  |l EE37  |s P  |a 0  |w stu270570_0001